X-Men - Statistics

General Stats
  • This quiz has been taken 59 times
  • The average score is 17 of 22
Answer Stats
Hint Real Name Answer % Correct
Has claws made of Adamantium. James "Logan" Howlett Wolverine
100%
He can emit powerful beams of energy out of his eyes. Scott Summers Cyclops
96%
Has blue fur and has a great strength and agility. Hank McCoy Beast
94%
The big professor of the school he has Mind Control and telekinectic powers Charles Xavier Professor X
94%
This mutant can control the weather and she can fly. Ororo Munroe Storm
94%
Specialized in Martial Arts and he wields two handguns and two sword this guy is also immortal and not always considers a hero Wade Wilson Deadpool
92%
Has telepathic and telekinetic powers also has the Phoenix Force inside her. N/A Jean Grey
92%
He can teleport and has a blue skin. Kurt Wagner Nightcrawler
92%
He can mentally create,controle and manipulate kinetic energy he wields a bo staff and throws with playing cards. Remy Etienne LeBeau Gambit
90%
This guy can turn into ice and can also control ice like abilities. Bobby Drake Iceman
90%
She can absorb and sometimes remove memories, powers and physical strength of anyone she touch. Anna Marie Rogue
90%
He has wings and with those wings he can fly Warren Worthington III Angel
88%
Son of Magneto he possesses the power of superhuman speed Pietro Maximoff Quicksilver
86%
This mutant has superhuman strength and can create a skin of full metal Piotr Rasputin Colossus
84%
Older brother of Scott Summers he can emit energy blasts out his stomach Alex Summers Havok
78%
She can generate pyrotechnic energy blasts out of her hands Jubilation Lee Jubilee
76%
This Irish mutant controls a Sonic Scream Sean Cassidy Banshee
67%
She possesses a phasing ability that allows her to go threw walls and even people Kitty Pryde Shadowcat
61%
Twin sister of Captain Britain she has telekinetic powers and has her own purple sword made of telepathy Elizabeth Braddock Psylocke
59%
The biological son of Scott Summers and he has telepathic abilities Nathan Summers Cable
47%
Sister of Piotr Rasputin she wields a huge sword and she can teleport Illyana Rasputin Magik
41%
He absorb all forms of radiant or conductive energy Lucas ...... Bishop
37%
No matching quizzes found
Score Distribution
Percent of People with Each Score
Percentile by Number Answered
Your Score History
You have not taken this quiz